REBELDES Y RENEGADOS: LA FUNCION DE LOS INTELECTUALES Y LA CRISIS DEL MOVIMIENTO OBRERO/

INCLUYE BIBLIOGRAFIA

Đã lưu trong:
Chi tiết về thư mục
Tác giả chính: Mattick, Paul (autor)
Định dạng: Sách
Loạt:ICARIA; 24
Những chủ đề:
Các nhãn: Thêm thẻ
Không có thẻ, Là người đầu tiên thẻ bản ghi này!

MARC

LEADER 00000nam^a2200000^a^4500
001 000218751
005 20250521000000.0
009 20260526131809.032
020 |a 84-7426-034-5 
035 |a 029949 
037 |a Acervo Xavier Clavigero 
082 |a 305. 55  |b MAT 
100 |a Mattick, Paul  |e (autor) 
245 1 0 |a REBELDES Y RENEGADOS:  |b LA FUNCION DE LOS INTELECTUALES Y LA CRISIS DEL MOVIMIENTO OBRERO/  |c PAUL MATTICK 
264 |a Barcelona, España :  |b Icaria,  |c 1978 
300 |a 284p. 
336 |a texto  |b txt  |2 rdacontenido 
337 |a sin mediación  |b n  |2 rdamedio 
338 |a volumen  |b nc  |2 rdasoporte 
440 |a ICARIA;  |v 24 
520 |a INCLUYE BIBLIOGRAFIA 
649 |a XX 
650 |a Clase Media 
650 |a Intelectuales 
650 |a Comunismo 
910 |a Fondo General 
920 |a Impresos - Libros 
930 |a Colección General 
905 |a 101 
901 |a 029949  |b IT1  |c ACC  |i 029949  |u 20250521 
902 |a https://opac.biblio.iteso.mx/vufind/Record/000218751